000 nam a22 a 4500
999 _c4304
_d4304
003 AKMAL
005 20170526161318.0
008 170526s2007 my | e l 000 0 may d
020 _a9789678917957 (kkt.)
040 _cAKMAL
082 0 4 _a345.59502 MAL
_222
090 0 0 _a345.59502
_bMAL
110 1 _aMalaysia
_9400
245 1 0 _aKanun keseksaan (Akta 574) :
_b(hingga 20hb Jun 2007) /
_cdisusun oleh Lembaga Penyelidikan Undang-Undang
260 _aPetaling Jaya :
_bInternational Law Book Services,
_c2007
300 _a269ms. ;
_c24cm.
490 1 _aUndang-undang Malaysia
650 1 0 _aCriminal law
_zMalaysia
_93716
650 2 0 _aPunishment
_zMalaysia
_98388
710 2 _aLembaga Penyelidikan Undang-Undang
_98389
830 0 _aUNDANG-UNDANG MALAYSIA
_98390
942 _2ddc
_cBOOK